10 Countries With the Most Oil Reserves - Statistics

General Stats
  • This quiz has been taken 106 times
  • The average score is 8 of 10
Answer Stats
Countries % Correct
Saudi Arabia
98%
Iran
93%
United Arab Emirates
91%
Russia
90%
Iraq
89%
Kuwait
83%
Venezuela
78%
Canada
76%
Libya
52%
Nigeria
51%
No matching quizzes found
Score Distribution
Percent of People with Each Score
Percentile by Number Answered
Your Score History
You have not taken this quiz